00466nam a2200157 a 450000100100000000500170001000800410002702000150006804000250008308200150010810000260012324500570014926000460020630000270025250400290027900003022620200930060141.0110505s1992 dr a 000 0 spa d a8449984149 aDO-SdBNPbspacBNPHU axxxbA366h1 aAlegría, Ricardo E.10aHistoria de nuestros Indios /cRicardo E. Alegría. aSan Juan, Puerto Rico :bCorripio,c1992. a86 p. :bil. ;c23 cm. aBibliografías p. 85-86